000 00585nam a22001577a 4500
008 230515b |||||||| |||| 00| 0 eng d
040 _aNational Science Library
_cNational Science Library
080 _a551.49
_bL3
100 _aEagleson, P S
_98974
245 _aLinear systems techniques applied to hydrologic data analysis and instrument evaluation:
_bA case study on data from the alice springs area
260 _aAustralia:
_bCommonwealth Scientific and Industrial Research Organization,
_c1973
300 _a60p.
650 _aLinear
653 _aData
942 _2udc
_cBK
999 _c30144
_d30144